| 000 | 00452nam a2200193Ia 4500 | ||
|---|---|---|---|
| 003 | 0100 | ||
| 008 | 130303s9999 xx 000 0 und d | ||
| 040 | _cARRUPELIB | ||
| 050 | _aBR305.2.B295 | ||
| 100 | _aBainton, Roland H. | ||
| 245 | 4 | _aThe age of the reformation | |
| 260 | _aPrinceton | ||
| 260 | _bD. Van Nostrand Company | ||
| 260 | _C1956 | ||
| 300 | _a192p. | ||
| 300 | _b 23 cm | ||
| 650 | _bReligious education | ||
| 942 |
_2lcc _01 |
||
| 999 |
_c65320 _d65320 |
||